Indian Writing in English (Record no. 16353)

MARC details
000 -LEADER
fixed length control field 00518nam a22002057a 4500
008 - FIXED-LENGTH DATA ELEMENTS--GENERAL INFORMATION
fixed length control field 260417b |||||||| |||| 00| 0 eng d
020 ## - INTERNATIONAL STANDARD BOOK NUMBER
International Standard Book Number 978-81-19679-95-9
Price 280
040 ## - CATALOGING SOURCE
Original Cataloguing agency Sibsagar Commerce College Central Library
041 ## - LANGUAGE CODE
Language code of text/sound track or separate title English
082 ## - DEWEY DECIMAL CLASSIFICATION NUMBER
Classification number 820.9954
Book Number KAS
100 ## - MAIN ENTRY--PERSONAL NAME
Personal name Kashyap, K
Fuller form of name Kakoli
245 ## - TITLE STATEMENT
Title Indian Writing in English
250 ## - EDITION STATEMENT
Edition statement 1st Ed.
260 ## - PUBLICATION, DISTRIBUTION, ETC.
Place of publication, distribution, etc. Jorhat
Name of publisher, distributor, etc. Bidya Bhawan
Date of publication, distribution, etc. 2025
300 ## - PHYSICAL DESCRIPTION
Pages 279 p. ;
Dimensions 14 x 22 cm
505 ## - FORMATED CONTENTS NOTE
Formated content notes NEP<br/>4th Semester<br/>Major
650 ## - Subject
Subject English
942 ## - ADDED ENTRY ELEMENTS (KOHA)
Source of classification or shelving scheme Dewey Decimal Classification
Koha item type Books
Holdings
Withdrawn status Lost status Source of classification or shelving scheme Damaged status Not for loan Collection code Home library Current library Shelving location Date acquired Source of acquisition Cost, normal purchase price Total Checkouts Full call number Barcode Date last seen Copy number Cost, replacement price Price effective from Koha item type
    Dewey Decimal Classification     English Sibsagar Commerce College Central Library Sibsagar Commerce College Central Library General Stacks 10/04/2026 Kitap Ghar 280.00   820.9954 KAS 29191 17/04/2026 1 560.00 17/04/2026 Books
    Dewey Decimal Classification     English Sibsagar Commerce College Central Library Sibsagar Commerce College Central Library General Stacks 10/04/2026 Kitap Ghar 280.00   820.9954 KAS 29192 17/04/2026 2 560.00 17/04/2026 Books


Sibsagar Commerce College © 2020. All rights reserved.
Powered by Koha.
Hosted by LIBKART.